000 01018nam a22002897i 4500
003 URS
005 20220117120434.0
008 180523b xxu||||| |||| 00| 0 eng d
020 _a9715740405
040 _erda
_cURS
_beng
050 _aLB1584
_b.T22s 2002
245 _aTeaching strategies in the social sciences for elementary grades (teaching strategies 2) /
_cEvelyn A. Songco, Miriam Grace G. Tovera, Thelma D. Angeles, Jose Dakila N. Espiritu. --
250 _aRevised edition. --
264 1 _aQuezon City :
_bKatha Publishing,
_c2002.
300 _a146 pages :
_billustrations ;
_c26 cm
336 _atext
_btxt
_2rdacontent
337 _aunmediated
_bn
_2rdamedia
338 _avolume
_bnc
_2rdacarrier
500 _a
504 _aIncludes bibliographical references.
650 _aSocial sciences -- Study and teaching (Elementary).
700 _aSongco, Evelyn A.
700 _aTovera Miriam Grace G.
700 _aAngeles, Thelma D.
700 _aEspiritu, Jose Dakila N.
942 _2lcc
_cF
999 _c4644
_d4644